|
|
|
|
| LEADER |
00000cam a22000004a 4500 |
| 001 |
musev2_35440 |
| 003 |
MdBmJHUP |
| 005 |
20230905043728.0 |
| 006 |
m o d |
| 007 |
cr||||||||nn|n |
| 008 |
120615s2012 ksu o 00 0 eng d |
| 020 |
|
|
|a 9780700620555
|
| 020 |
|
|
|z 9780700620142
|
| 035 |
|
|
|a (OCoLC)904084415
|
| 040 |
|
|
|a MdBmJHUP
|c MdBmJHUP
|
| 100 |
1 |
|
|a Ryan, Allan A.,
|e author.
|
| 245 |
1 |
0 |
|a Yamashita's Ghost :
|b War Crimes, MacArthur's Justice, and Command Accountability /
|c Allan A. Ryan.
|
| 264 |
|
1 |
|a Lawrence, Kan. :
|b University Press of Kansas,
|c 2012.
|
| 264 |
|
3 |
|a Baltimore, Md. :
|b Project MUSE,
|c 2016
|
| 264 |
|
4 |
|c ©2012.
|
| 300 |
|
|
|a 1 online resource (408 pages):
|b illustrations, maps.
|
| 336 |
|
|
|a text
|b txt
|2 rdacontent
|
| 337 |
|
|
|a computer
|b c
|2 rdamedia
|
| 338 |
|
|
|a online resource
|b cr
|2 rdacarrier
|
| 490 |
0 |
|
|a Modern war studies
|
| 505 |
0 |
|
|a Law and war -- Tomoyuki Yamashita -- Malaya and Singapore -- Leyte -- Luzon -- Military commissions -- The charge : the accountability of command -- The prosecution : the hearsay problem -- The prosecution : the victims -- The prosecution : the defense scores -- The prosecution : the conclusion -- The defense : setting the stage -- The defense : Yamashita testifies -- The verdict -- The aftermath -- The Supreme Court -- The forties : Nuremberg and Tokyo -- The seventies : My Lai -- The twenty-first century : tribunals -- Today.
|
| 520 |
|
|
|a "Drawing directly from the tribunal's long-neglected transcripts, Ryan ... chronicles this tragic tale and its personalities. His ... analysis of the case's lingering question -- should a commander be held accountable for the crimes of his troops, even if he has no knowledge of them -- has profound implications for all military commanders"--Jacket.
|
| 588 |
|
|
|a Description based on print version record.
|
| 600 |
1 |
7 |
|a Yamashita, Tomobumi,
|d 1885-1946.
|2 fast
|0 (OCoLC)fst00088242
|
| 600 |
1 |
7 |
|a MacArthur, Douglas,
|d 1880-1964.
|2 fast
|0 (OCoLC)fst00035285
|
| 600 |
1 |
0 |
|a MacArthur, Douglas,
|d 1880-1964.
|
| 600 |
1 |
0 |
|a Yamashita, Tomobumi,
|d 1885-1946
|x Trials, litigation, etc.
|
| 650 |
|
7 |
|a War crime trials.
|2 fast
|0 (OCoLC)fst01170459
|
| 650 |
|
7 |
|a Command responsibility (International law)
|2 fast
|0 (OCoLC)fst01764570
|
| 650 |
|
7 |
|a Atrocities.
|2 fast
|0 (OCoLC)fst00820727
|
| 650 |
|
7 |
|a LAW
|x Military.
|2 bisacsh
|
| 650 |
|
6 |
|a Guerre mondiale, 1939-1945
|x Atrocites.
|
| 650 |
|
6 |
|a Responsabilite de commandement (Droit international)
|
| 650 |
|
6 |
|a Proces (Crimes de guerre)
|z Philippines
|z Manille.
|
| 650 |
|
0 |
|a World War, 1939-1945
|x Atrocities.
|
| 650 |
|
0 |
|a Command responsibility (International law)
|
| 650 |
|
0 |
|a War crime trials
|z Philippines
|z Manila.
|
| 651 |
|
7 |
|a Philippines
|z Manila.
|2 fast
|0 (OCoLC)fst01205230
|
| 655 |
|
7 |
|a Trials, litigation, etc.
|2 fast
|0 (OCoLC)fst01423712
|
| 655 |
|
7 |
|a Electronic books.
|2 local
|
| 710 |
2 |
|
|a Project Muse.
|e distributor
|
| 830 |
|
0 |
|a Book collections on Project MUSE.
|
| 856 |
4 |
0 |
|z Texto completo
|u https://projectmuse.uam.elogim.com/book/35440/
|
| 945 |
|
|
|a Project MUSE - Custom Collection
|
| 945 |
|
|
|a Project MUSE - Archive Complete Supplement IV
|
| 945 |
|
|
|a Project MUSE - Archive History Supplement IV
|